Normal view
MARC view
Entry Personal Name
001 - CONTROL NUMBER
- control field: 40237
003 - CONTROL NUMBER IDENTIFIER
- control field: ARRUPE
005 - DATE AND TIME OF LATEST TRANSACTION
- control field: 20180305154943.0
008 - FIXED-LENGTH DATA ELEMENTS
- fixed length control field: 180305|| aca||aabn | a|a d
040 ## - CATALOGING SOURCE
- Original cataloging agency: ARRUPE
- Transcribing agency: ARRUPE
100 ## - HEADING--PERSONAL NAME
- Personal name: Stanton, Hannah
670 ## - SOURCE DATA FOUND
- Source citation: Work cat.: (ARRUPE)45375: Stanton, Hannah, Go well, stay well:, 1961